01014nam a2200289 u 450000100070000000500170000700800410002403500110006504000130007604100080008908000070009710000550010424501480015926000230030730000140033050000220034465000320036665000200039865000390041865000320045770000550048994200100054499900170055450200120057152600080058395201330059119485820260506081224.0980603s1986 ||||||m| spa  a194858 ccomduadb aspa aWA10aRestrepo Ricardo, Carlos Alberto4auteaut932320810aAspectos institucionales que condicionan un programa en saneamiento basico en las unidades de cobertura de la regional de suroeste S.S.S.A 1985 aMedellín,c1986. a156 hojas aDonacion : autor. aSaneamiento básico936680 aExcretas913063 7aAbastecimiento de agua2lemb92468 7aResiduos sólidos292301910aOsorio Martínez, Jorge Alberto4thseths9494806 cTESIS c86083d86083 b291c20 a293 001040708SEMIACTIV2aBSPbBSPd1998-06-03iC267655l0oWA670 R4-86p61000000772620r2023-04-22 00:00:00t1w2023-04-22yTESIS